Aircraft Quick Planespotting Quiz - Statistics

General Stats
  • This quiz has been taken 11,084 times
  • The average score is 5 of 10
Answer Stats
Engines Back Landing Gear Notes What's that plane? % Correct
Four Four sets of four Partial upper deck B747
95%
Four Two sets of four and two sets of six Full upper deck A380
92%
Two Two sets of two Engines aren't a complete circle B737
87%
Two Two sets of six One of these that carried Dutch athletes to Amsterdam after the 2016 Olympic Games was painted orange at the front in a special KLM Livery B777
56%
Three Two sets of two Narrow-body, still flies for a carrier in the Middle East B727
44%
Four Two sets of four and one set of two Only four engine, one deck plane other than Boeing 707 still used commercially today A340
42%
Three Two sets of four and one set of two Had a weak safety reputation, last commercial flight in 2014 DC-10
41%
Two Two sets of four Made of 50% composite materials B787
40%
Two Two sets of four (In service, another version with different landing gear is in development) Has "bandit shades" windshield A350
29%
Six Two sets of 14 Largest plane ever built; not for passengers AN-225
20%
No matching quizzes found
Score Distribution
Percent of People with Each Score
Percentile by Number Answered
Your Score History
You have not taken this quiz